Introducere in stilistica literara a Limbii Romane

Αποθηκεύτηκε σε:
Λεπτομέρειες βιβλιογραφικής εγγραφής
Κύριος συγγραφέας: Gáldi, Ladislau
Μορφή: Βιβλίο
Γλώσσα:Romanian
Έκδοση: Bucarest, Rumania Minerva 1976
Θέματα:
Ετικέτες: Προσθήκη ετικέτας
Δεν υπάρχουν, Καταχωρήστε ετικέτα πρώτοι!

MARC

LEADER 00000nam a2200000Ia 4500
008 170316s9999 xx 000 0 rum d
040 |a cru BVZT 
090 |a 859 G-1i 
100 |a Gáldi, Ladislau 
245 |a Introducere in stilistica literara a Limbii Romane  |c Ladislau Gáldi 
260 |a Bucarest, Rumania 
260 |b Minerva 
260 |c 1976 
300 |a 401 páginas 
650 |a LITERATURA RUMANA 
650 |a EN IDIOMA RUMANO 
999 |c 8253  |d 8253 
942 |c LIB  |h 859 G-1i  |2 z